2009/2010 Estimates of Recurrent Expenditure of the Government of Kenya for the Year Ending 30th June, 2010 (Record no. 1016)
[ view plain ]
| 000 -LEADER | |
|---|---|
| fixed length control field | 00373nam a22001217a 4500 |
| 008 - FIXED-LENGTH DATA ELEMENTS--GENERAL INFORMATION | |
| fixed length control field | 230612b xxu||||| |||| 00| 0 eng d |
| 082 ## - DEWEY DECIMAL CLASSIFICATION NUMBER | |
| Classification number | 354.676 |
| Item number | GOK |
| 245 ## - TITLE STATEMENT | |
| Title | 2009/2010 Estimates of Recurrent Expenditure of the Government of Kenya for the Year Ending 30th June, 2010 |
| 260 ## - PUBLICATION, DISTRIBUTION, ETC. (IMPRINT) | |
| Place of publication, distribution, etc. | Nairobi,Kenya |
| Name of publisher, distributor, etc. | GOK |
| Date of publication, distribution, etc. | June,2009 |
| 300 ## - PHYSICAL DESCRIPTION | |
| Extent | X,1607p |
| 440 ## - SERIES STATEMENT/ADDED ENTRY--TITLE | |
| Volume/sequential designation | III |
| 942 ## - ADDED ENTRY ELEMENTS (KOHA) | |
| Source of classification or shelving scheme | Dewey Decimal Classification |
| Koha item type | Books |
No items available.
